Filosofi a luci rosse

Đã lưu trong:
Chi tiết về thư mục
Tác giả chính: Emanuele Pietro
Định dạng: Sách
Ngôn ngữ:Tiếng không xác định
Được phát hành: Milano Salani 2004
Các nhãn: Thêm thẻ
Không có thẻ, Là người đầu tiên thẻ bản ghi này!

MARC

LEADER 00000nam a2200000Ia 4500
001 476
003 NUMERAZIONE-ORIGINALE-BRESCIA
005 20260206230753.0
008 260206s9999 xx 000 0 und d
100 |a Emanuele Pietro 
245 0 |a Filosofi a luci rosse 
260 |a Milano 
260 |b Salani 
260 |c 2004 
500 |a La filosofia da un punto di vista inedito 
942 |2 ddc  |c BK  |n 0 
952 |0 0  |1 0  |2 ddc  |4 0  |6 15  |7 0  |9 28602  |a BS  |b BS  |d 2026-02-06  |i 476  |l 0  |o 1-5-*  |r 2026-02-06 22:40:38  |w 2026-02-06  |x [REVISIONARE]  |y BK 
999 |c 24261  |d 24261